State school administration: 1900-1957 : (Record no. 34210)

MARC details
000 -LEADER
fixed length control field 01288cam a22002771 4500
001 - CONTROL NUMBER
control field hew59000073
003 - CONTROL NUMBER IDENTIFIER
control field DLC
005 - DATE AND TIME OF LATEST TRANSACTION
control field 20260227111509.0
008 - FIXED-LENGTH DATA ELEMENTS--GENERAL INFORMATION
fixed length control field 830325s1959 dcu 000 0 eng
010 ## - LIBRARY OF CONGRESS CONTROL NUMBER
LC control number hew59000073
035 ## - SYSTEM CONTROL NUMBER
System control number (OCoLC)16765815
040 ## - CATALOGING SOURCE
Original cataloging agency DLC
Transcribing agency OrPS
Modifying agency OCoLC
-- DLC
042 ## - AUTHENTICATION CODE
Authentication code premarc
050 00 - LIBRARY OF CONGRESS CALL NUMBER
Classification number L111
Item number .A72 no. 580
100 1# - MAIN ENTRY--PERSONAL NAME
Personal name Will, Robert F.
Fuller form of name (Robert Frederick),
Dates associated with a name 1917-
245 10 - TITLE STATEMENT
Title State school administration: 1900-1957 :
Remainder of title reports of major surveys and studies /
Statement of responsibility, etc. compiled by Robert F. Will, Louise R. Murphy ; under direction of James E. Gibbs, Jr.
260 ## - PUBLICATION, DISTRIBUTION, ETC.
Place of publication, distribution, etc. [Washington] :
Name of publisher, distributor, etc. U.S. Dept. of Health, Education, and Welfare, Office of Education,
Date of publication, distribution, etc. [1959]
300 ## - PHYSICAL DESCRIPTION
Extent vi, 81 p. ;
Dimensions 26 cm.
440 #0 - SERIES STATEMENT/ADDED ENTRY--TITLE
Title Circular (United States. Office of Education) ;
Volume/sequential designation no. 580
501 ## - WITH NOTE
With note With: Library statistics of larger colleges and universities, 1956-57 / by John Carson Rather. Washington : U.S. Dept. of Health, Education, and Welfare, Office of Education, [1959]. Bound together subsequent to publication.
Institution to which field applies DLC
650 #0 - SUBJECT ADDED ENTRY--TOPICAL TERM
Topical term or geographic name entry element School management and organization
Geographic subdivision United States
Form subdivision Bibliography.
650 #0 - SUBJECT ADDED ENTRY--TOPICAL TERM
Topical term or geographic name entry element State departments of education.
650 #0 - SUBJECT ADDED ENTRY--TOPICAL TERM
Topical term or geographic name entry element Educational surveys.
700 1# - ADDED ENTRY--PERSONAL NAME
Personal name Murphy, Louise Ratliff,
Dates associated with a name 1914-
700 1# - ADDED ENTRY--PERSONAL NAME
Personal name Gibbs, James E.

No items available.

Powered by Koha